000 00475nam a2200181Ia 4500
001 25042
005 20260414151123.0
008 260414t2017||||xx |||||||||||||| ||spa||
041 _aESP
082 _a346.13
_bA52 V. 2
100 _aAmado Ramírez, Elizabeth del Pilar
_eAUT
245 0 _aEl derecho registral y notarial en la era digital
_b
260 _c2017
300 _apáginas 877-1570 :
_c25 cm.
650 _aDER
654 _aCDE
942 _cLIB
_dJUS
_fJUS
_2ddc
_n
999 _c25042
_d25042